| 000 | 00408nam a2200145Ia 4500 | ||
|---|---|---|---|
| 005 | 20250429024832.0 | ||
| 008 | 240331s9999 xx 000 0 und d | ||
| 082 |
_bTHI _a300 |
||
| 100 | _aThiagarajah,T | ||
| 245 | 0 | _aUravum thunaum | |
| 260 |
_aRajagiriya _bViluthu, Centre for Human Resource Development _c2005 |
||
| 300 | _a36 p ., ( C 2) | ||
| 500 | _aAatruppani Uthaviyalarkalukkana Kaiyedu | ||
| 942 | _cL | ||
| 999 |
_c5625 _d5625 |
||